000
00295nam a2200121Ia 4500
008
191201s2003 xx 000 0 und d
100
_a
RAO, P Subba
245
0
_a
International Business
260
_a
N. Delhi
_b
Himalaya Publication House
_c
2003
300
_a
582
650
_a
MBA
942
_2
ddc
_c
BK
999
_c
170
_d
170